000 00525nam a2200181Ia 4500
999 _c34054
_d34054
003 OSt
005 20200916130047.0
008 190216s9999||||xx |||||||||||||| ||und||
020 _a9780195677294
040 _coclc
082 _a621.38152
_bISL/S
100 _aIslam, S S
_94485
245 0 _aSemiconductor Physics And Devices /
_cS S Islam
260 _bOxford University Press,
_aNew Delhi:
_c2006.
300 _a546p
650 _aPhysics
942 _cBK
_2ddc
_h621.38152
_iISL/S
_k621.38152
_mISL/S